| 000 | 00619cab a2200241 4500 | ||
|---|---|---|---|
| 001 | X2086 | ||
| 008 | 090401t1995 xxu||||| |||| 00| 0 eng d | ||
| 035 | _a(Sirsi) u21692 | ||
| 041 | _aeng | ||
| 100 | _aLatham, C. | ||
| 245 | _aColumn : education | ||
| 260 | _c1995 | ||
| 350 | _a0 | ||
| 490 |
_aCSM (Chartered Surveyor Monthly) _v4(5) March 1995, 33(1) |
||
| 650 |
_aAPC _96216 |
||
| 650 |
_aAPC _96216 |
||
| 650 | _aDISCUSSION DOCUMENT | ||
| 650 | _aREFORM | ||
| 650 | _aREGIONAL TRAINING ADVISORS | ||
| 690 | _aMANAGEMENT-BUSINESS MANAGEMENT-PROFESSIONAL PRACTICE | ||
| 942 | _n0 | ||
| 948 | _c04/03/1997 | ||
| 999 |
_c14544 _d14544 |
||